[Event "V Copa Marcel Duchamp 2022"]
[Site "Montevideo"]
[Date "2022.02.19"]
[Round "9.18"]
[White "Fernandez, Maria Florencia"]
[Black "Garcia, Luis E."]
[Result "1-0"]
[WhiteElo "2200"]
[BlackElo "2192"]
[Annotator "ChessBase"]
[PlyCount "89"]
[EventDate "2022.02.12"]
[EventCountry "URU"]
[SourceTitle "playchess.com"]
[Source "ChessBase"]
[SourceQuality "1"]
[TimeControl "5400+30"]

1. d4 {[%emt 0:09:45]} Nf6 {[%emt 0:00:10]} 2. c4 {[%emt 0:00:05]} c5 {[%emt 0:00:11]} 3. d5 {[%emt 0:00:05]} b5 {[%emt 0:00:08]} 4. cxb5 {[%emt 0:00:04]} a6 {[%emt 0:00:05]} 5. bxa6 {[%emt 0:00:03]} Bxa6 {[%emt 0:00:07]} 6. Nc3 {[%emt 0:00:06]} g6 {[%emt 0:00:11]} 7. Nf3 {[%emt 0:00:20]} d6 {[%emt 0:00:14]} 8. e4 Bxf1 {[%emt 0:00:06]} 9. Kxf1 {[%emt 0:00:07]} Bg7 {[%emt 0:00:09]} 10. g3 {[%emt 0:00:04]} O-O {[%emt 0:00:16]} 11. Kg2 {[%emt 0:00:02]} Qb6 {[%emt 0:01:43]} 12. Qc2 {[%emt 0:00:24]} Na6 {[%emt 0:01:02]} 13. a4 {[%emt 0:03:26]} Rfb8 {[%emt 0:01:22]} 14. Ra3 {[%emt 0:02:16]} Ng4 {[%emt 0:05:09]} 15. Nb5 {[%emt 0:02:39]} Nc7 {[%emt 0:02:15]} 16. Rb3 {[%emt 0:13:14]} Nxb5 {[%emt 0:05:33]} 17. Rxb5 {[%emt 0:00:05]} Qa7 {[%emt 0:00:08]} 18. Rxb8+ {[%emt 0:00:20]} Rxb8 {[%emt 0:00:19]} 19. h3 {[%emt 0:04:22]} Ne5 {[%emt 0:00:34]} 20. Nd2 {[%emt 0:03:49]} Qa6 {[%emt 0:01:19]} 21. b3 {[%emt 0:04:55]} Qe2 {[%emt 0:08:33]} 22. Qd1 {[%emt 0:02:29]} Qd3 {[%emt 0:04:06]} 23. Re1 {[%emt 0:10:48]} f5 {[%emt 0:08:02]} 24. f4 {[%emt 0:11:07]} Nf7 {[%emt 0:00:39]} 25. Qe2 {[%emt 0:01:41]} Qxe2+ {[%emt 0:01:51]} 26. Rxe2 {[%emt 0:00:05]} fxe4 {[%emt 0:00:07]} 27. Rxe4 {[%emt 0:00:15]} Kf8 {[%emt 0:00:13]} 28. Re3 {[%emt 0:02:53]} Nd8 {[%emt 0:05:53]} 29. Nc4 {[%emt 0:01:03]} Bd4 {[%emt 0:00:39]} 30. Rf3 {[%emt 0:01:23]} Kg7 {[%emt 0:00:46]} 31. Bd2 {[%emt 0:03:18]} Kf6 {[%emt 0:05:34]} 32. g4 {[%emt 0:00:40]} h6 {[%emt 0:07:38]} 33. Ba5 {[%emt 0:06:34]} Nb7 {[%emt 0:03:35]} 34. Bc7 {[%emt 0:02:04]} Ra8 {[%emt 0:01:33]} 35. Rf1 {[%emt 0:03:54]} Ra6 {[%emt 0:02:14]} 36. Re1 {[%emt 0:00:52]} Kf7 {[%emt 0:00:46]} 37. h4 {[%emt 0:02:42]} Bc3 {[%emt 0:00:38]} 38. Re6 {[%emt 0:00:15]} Ba5 {[%emt 0:00:14]} 39. Ne5+ {[%emt 0:02:18]} Ke8 {[%emt 0:01:27]} 40. Nc6 {[%emt 0:03:49]} Bxc7 {[%emt 0:09:10]} 41. Rxe7+ {[%emt 0:00:07]} Kf8 {[%emt 0:00:06]} 42. Rxc7 {[%emt 0:00:04]} Na5 {[%emt 0:00:14]} 43. Nxa5 {[%emt 0:01:15]} Rxa5 {[%emt 0:00:09]} 44. Kf3 {[%emt 0:00:35]} Ra6 {[%emt 0:00:29]} 45. Rc6 {[%emt 0:00:38]} 1-0

[Event "V Copa Marcel Duchamp 2022"]
[Site "Montevideo"]
[Date "2022.02.19"]
[Round "9.19"]
[White "Muniz, Rafael"]
[Black "Nejanky, Maisa"]
[Result "0-1"]
[WhiteElo "2194"]
[BlackElo "1948"]
[Annotator "ChessBase"]
[PlyCount "96"]
[EventDate "2022.02.12"]
[EventCountry "URU"]
[SourceTitle "playchess.com"]
[Source "ChessBase"]
[SourceQuality "1"]
[TimeControl "5400+30"]

1. Nf3 {[%emt 0:00:33]} Nf6 {[%emt 0:01:25]} 2. g3 {[%emt 0:00:56]} c5 {[%emt 0:01:11]} 3. Bg2 {[%emt 0:00:21]} Nc6 {[%emt 0:01:30]} 4. O-O {[%emt 0:00:29]} g6 {[%emt 0:07:39]} 5. c4 {[%emt 0:02:02]} Bg7 {[%emt 0:00:08]} 6. Nc3 {[%emt 0:01:04]} d6 {[%emt 0:03:16]} 7. a3 {[%emt 0:00:44]} O-O {[%emt 0:01:24]} 8. Rb1 {[%emt 0:01:40]} Bf5 {[%emt 0:05:03]} 9. d3 {[%emt 0:01:36]} Qd7 {[%emt 0:03:59]} 10. Re1 {[%emt 0:06:15]} Bh3 {[%emt 0:00:19]} 11. Bh1 {[%emt 0:00:52]} h6 {[%emt 0:03:04]} 12. b4 {[%emt 0:01:33]} Nh5 {[%emt 0:12:53]} 13. Bd2 {[%emt 0:08:05]} Rac8 {[%emt 0:03:00]} 14. bxc5 {[%emt 0:12:33]} dxc5 {[%emt 0:00:22]} 15. Rb5 {[%emt 0:02:06]} b6 {[%emt 0:00:53]} 16. a4 {[%emt 0:06:19]} Bg4 {[%emt 0:08:30]} 17. Rb1 {[%emt 0:04:29]} Nf6 {[%emt 0:06:51]} 18. Qc1 {[%emt 0:02:02]} Kh7 {[%emt 0:00:20]} 19. Nd5 {[%emt 0:07:12]} Nxd5 {[%emt 0:08:24]} 20. cxd5 {[%emt 0:00:09]} Nb4 {[%emt 0:00:43]} 21. Bxb4 {[%emt 0:04:45]} cxb4 {[%emt 0:00:19]} 22. Qf4 {[%emt 0:03:45]} Bxf3 {[%emt 0:15:39]} 23. Bxf3 {[%emt 0:01:11]} a5 {[%emt 0:01:21]} 24. g4 {[%emt 0:04:13]} Bf6 {[%emt 0:04:08]} 25. Kg2 {[%emt 0:00:51]} Qxa4 {[%emt 0:02:32]} 26. h4 {[%emt 0:00:47]} Qd7 {[%emt 0:04:20]} 27. Be4 {[%emt 0:02:19]} Qd6 {[%emt 0:02:09]} 28. Qe3 {[%emt 0:01:06]} Rc5 {[%emt 0:01:26]} 29. g5 {[%emt 0:05:03]} Bg7 {[%emt 0:00:09]} 30. h5 {[%emt 0:00:59]} Rxd5 {[%emt 0:01:44]} 31. hxg6+ {[%emt 0:01:11]} fxg6 {[%emt 0:00:12]} 32. Rh1 {[%emt 0:00:21]} Re5 {[%emt 0:01:01]} 33. Rh4 {[%emt 0:03:33]} Qc5 {[%emt 0:00:31]} 34. gxh6 {[%emt 0:02:51]} Bf6 {[%emt 0:00:15]} 35. Qf4 {[%emt 0:04:30]} Rg5+ {[%emt 0:00:38]} 36. Kf1 {[%emt 0:01:21]} b3 {[%emt 0:00:32]} 37. d4 {[%emt 0:01:00]} Qd6 {[%emt 0:00:32]} 38. Qxd6 {[%emt 0:00:57]} exd6 {[%emt 0:00:01]} 39. Rxb3 {[%emt 0:00:10]} b5 {[%emt 0:00:44]} 40. Rc3 {[%emt 0:01:47]} Bxd4 {[%emt 0:00:43]} 41. Bxg6+ {[%emt 0:00:11]} Rxg6 {[%emt 0:00:23]} 42. Rxd4 {[%emt 0:00:07]} Rxh6 {[%emt 0:00:40]} 43. Rc7+ {[%emt 0:01:01]} Kh8 {[%emt 0:00:31]} 44. Rb7 {[%emt 0:01:08]} b4 {[%emt 0:00:28]} 45. Rd5 {[%emt 0:00:55]} Ra8 {[%emt 0:00:15]} 46. Rbb5 {[%emt 0:02:52]} a4 {[%emt 0:00:26]} 47. Rxb4 {[%emt 0:01:30]} a3 {[%emt 0:00:10]} 48. Rdb5 {[%emt 0:02:08]} a2 {[%emt 0:00:30]} 0-1

[Event "V Copa Marcel Duchamp 2022"]
[Site "Montevideo"]
[Date "2022.02.19"]
[Round "9.20"]
[White "Lavandeira, Juan Bautista"]
[Black "Avedisian, Alexander"]
[Result "1/2-1/2"]
[WhiteElo "1516"]
[BlackElo "1875"]
[Annotator "NA"]
[PlyCount "68"]
[EventDate "2022.02.12"]
[EventCountry "URU"]
[SourceTitle "playchess.com"]
[Source "ChessBase"]
[SourceQuality "1"]
[TimeControl "5400+30"]

1. d4 Nf6 2. g3 {[%emt 0:00:56]} g6 {[%emt 0:00:11]} 3. Bg2 {[%emt 0:00:05]} Bg7 {[%emt 0:00:05]} 4. e4 {[%emt 0:00:23]} d6 {[%emt 0:00:06]} 5. Ne2 {[%emt 0:00:25]} O-O {[%emt 0:00:11]} 6. O-O {[%emt 0:00:21]} Nc6 {[%emt 0:00:17]} 7. h3 {[%emt 0:00:42]} Re8 {[%emt 0:01:57]} 8. Be3 {[%emt 0:00:40]} e5 {[%emt 0:00:38]} 9. Nbc3 {[%emt 0:03:51]} exd4 {[%emt 0:00:21]} 10. Nxd4 {[%emt 0:00:10]} Nh5 {[%emt 0:04:36]} 11. Kh2 {[%emt 0:10:20]} Ne5 {[%emt 0:08:43]} 12. Qe2 {[%emt 0:07:25]} c5 {[%emt 0:09:24] [#]} 13. Nb3 {[%emt 0:04:56]} (13. Nf5 $1 $16 {[%cal Rf5g7]}) 13... Be6 {[%emt 0:01:28]} 14. Rad1 {[%emt 0:06:46]} (14. Nd2 $11) 14... Bc4 {[%emt 0:03:24]} 15. Qe1 {[%emt 0:02:05]} Bxf1 {[%emt 0:00:41]} 16. Qxf1 {[%emt 0:00:04]} c4 {[%emt 0:15:16]} 17. Nd2 {[%emt 0:16:43]} b5 {[%emt 0:04:24]} 18. Nxb5 {[%emt 0:02:33]} Qb8 {[%emt 0:01:37]} 19. a4 {[%emt 0:04:45]} a6 {[%emt 0:00:24]} 20. Na3 $1 {[%emt 0:00:08]} Qxb2 {[%emt 0:01:03]} 21. Ndxc4 {[%emt 0:01:03]} Nxc4 {[%emt 0:01:27]} 22. Nxc4 {[%emt 0:00:10]} Qxc2 {[%emt 0:00:50]} 23. Nxd6 {[%emt 0:01:19]} Red8 {[%emt 0:00:53]} 24. Bb6 {[%emt 0:00:34]} Rd7 {[%emt 0:04:16]} 25. a5 {[%emt 0:10:15]} Be5 $1 {[%emt 0:05:41]} 26. Rc1 $15 {[%emt 0:01:42]} Qb3 {[%emt 0:09:20]} 27. Nc4 {[%emt 0:04:02]} Nxg3 {[%emt 0:06:43]} 28. fxg3 {[%emt 0:00:55]} Qxg3+ {[%emt 0:00:21]} 29. Kg1 {[%emt 0:00:15]} Qh2+ {[%emt 0:00:31]} 30. Kf2 {[%emt 0:00:08]} Qg3+ {[%emt 0:01:42]} 31. Kg1 {[%emt 0:01:41]} Qh2+ {[%emt 0:02:02]} 32. Kf2 {[%emt 0:01:08]} Qg3+ {[%emt 0:07:12]} 33. Ke2 {[%emt 0:04:27]} Qd3+ {[%emt 0:03:13]} 34. Kf2 {[%emt 0:05:12]} Qg3+ {[%emt 0:00:30]} 1/2-1/2

[Event "V Copa Marcel Duchamp 2022"]
[Site "Montevideo"]
[Date "2022.02.19"]
[Round "9.21"]
[White "Torales, Agustin"]
[Black "Brizzi, Milagros Tatiana"]
[Result "1/2-1/2"]
[WhiteElo "1682"]
[BlackElo "2063"]
[Annotator "NA"]
[PlyCount "183"]
[EventDate "2022.02.12"]
[EventCountry "URU"]
[SourceTitle "playchess.com"]
[Source "ChessBase"]
[SourceQuality "1"]
[TimeControl "5400+30"]

1. d4 {[%emt 0:00:17]} d5 {[%emt 0:04:26]} 2. Nf3 {[%emt 0:00:07]} Nf6 {[%emt 0:00:11]} 3. c4 {[%emt 0:00:07]} c6 {[%emt 0:00:15]} 4. Nc3 {[%emt 0:00:26]} e6 {[%emt 0:00:20]} 5. e3 {[%emt 0:01:25]} Nbd7 {[%emt 0:00:10]} 6. Qc2 {[%emt 0:00:09]} b6 {[%emt 0:00:54]} 7. Be2 {[%emt 0:01:50]} Bb7 {[%emt 0:00:08]} 8. O-O {[%emt 0:00:17]} Be7 {[%emt 0:00:16]} 9. b3 {[%emt 0:03:21]} O-O {[%emt 0:02:34]} 10. Bb2 {[%emt 0:00:05]} Rc8 {[%emt 0:00:08]} 11. Rac1 {[%emt 0:00:30]} Qc7 {[%emt 0:01:10]} 12. Rfd1 {[%emt 0:01:54]} Rfd8 {[%emt 0:00:53]} 13. Qb1 {[%emt 0:07:04]} Qb8 {[%emt 0:00:59]} 14. cxd5 {[%emt 0:02:28]} cxd5 {[%emt 0:00:59]} 15. Bd3 {[%emt 0:01:14]} a6 {[%emt 0:01:35]} 16. h3 {[%emt 0:09:42]} b5 {[%emt 0:01:19]} 17. Ne2 {[%emt 0:01:20]} Bd6 {[%emt 0:03:38]} 18. Rxc8 {[%emt 0:09:48]} Rxc8 {[%emt 0:00:07]} 19. Rc1 {[%emt 0:00:05]} Ne4 {[%emt 0:08:55]} 20. Rxc8+ {[%emt 0:13:53]} Qxc8 {[%emt 0:00:19]} 21. Ne5 {[%emt 0:00:05]} f5 {[%emt 0:04:47]} 22. f3 {[%emt 0:04:46]} Nef6 {[%emt 0:00:44]} 23. Nf4 {[%emt 0:00:08]} Qe8 {[%emt 0:04:07]} 24. h4 {[%emt 0:05:10]} Nb6 {[%emt 0:05:22]} 25. Qe1 {[%emt 0:02:44]} Nfd7 {[%emt 0:05:58]} 26. Qa5 {[%emt 0:03:46]} Bc7 {[%emt 0:07:11]} 27. Qb4 {[%emt 0:00:17]} Nxe5 {[%emt 0:03:00]} 28. dxe5 {[%emt 0:00:09]} Nd7 {[%emt 0:00:04]} 29. a4 {[%emt 0:01:53]} Bxe5 {[%emt 0:02:24]} 30. Bxe5 {[%emt 0:03:35]} Nxe5 {[%emt 0:00:04]} 31. Be2 {[%emt 0:00:06]} Bc6 {[%emt 0:06:00] [#]} (31... Nc6 $11 {keeps the balance.} 32. Qd6 Kf7) 32. axb5 $1 {[%emt 0:00:41]} ({Reject} 32. Qd6 $6 Nf7 33. Qxe6 Qxe6 34. Nxe6 bxa4 35. bxa4 Bxa4 $11) 32... axb5 {[%emt 0:02:14]} 33. Qd6 $1 {[%emt 0:00:06]} Ng6 {[%emt 0:00:54]} 34. Nxe6 {[%emt 0:02:41]} (34. Qxe6+ $16 Qxe6 35. Nxe6) 34... Bd7 {[%emt 0:07:00]} 35. Nd4 {[%emt 0:00:34]} Qxe3+ {[%emt 0:02:04]} 36. Kf1 {[%emt 0:00:05]} Qxd4 {[%emt 0:04:41]} 37. Qxd7 {[%emt 0:00:07]} Qa1+ {[%emt 0:00:05]} 38. Kf2 {[%emt 0:00:15]} Qd4+ {[%emt 0:00:03]} 39. Kf1 {[%emt 0:00:09]} b4 {[%emt 0:01:56]} 40. h5 {[%emt 0:00:53]} Nf8 {[%emt 0:00:41]} 41. Qxf5 {[%emt 0:00:05]} Qa1+ {[%emt 0:01:19]} 42. Kf2 $11 {[%emt 0:00:09]} Qa7+ {[%emt 0:00:03]} 43. Kf1 {[%emt 0:01:01]} Qd7 {[%emt 0:00:50]} 44. Qf4 {[%emt 0:02:10]} Qb7 {[%emt 0:01:10]} 45. Qd6 {[%emt 0:01:03]} Nd7 {[%emt 0:02:18]} 46. Bd3 {[%emt 0:00:25]} Nf6 {[%emt 0:01:35]} 47. Bf5 {[%emt 0:00:58]} Qa8 {[%emt 0:05:07]} 48. Kg1 {[%emt 0:05:48]} Qe8 {[%emt 0:02:12]} 49. Be6+ {[%emt 0:02:21]} Kh8 {[%emt 0:00:09]} 50. Bxd5 {[%emt 0:01:05]} Qe1+ {[%emt 0:01:04]} 51. Kh2 {[%emt 0:00:10]} Qh4+ {[%emt 0:00:02]} 52. Kg1 {[%emt 0:02:15]} Qd4+ {[%emt 0:00:04]} 53. Kf1 {[%emt 0:00:04]} Qxd5 {[%emt 0:00:17]} 54. Qf8+ {[%emt 0:00:07]} Qg8 {[%emt 0:01:31]} 55. Qxb4 {[%emt 0:00:04]} Nxh5 {[%emt 0:01:33]} 56. Qc5 {[%emt 0:02:47]} Nf4 57. b4 {[%emt 0:01:17]} Qd8 {[%emt 0:02:53]} 58. Qc4 {[%emt 0:01:38]} Qd3+ {[%emt 0:00:46]} 59. Qxd3 {[%emt 0:00:10]} Nxd3 {[%emt 0:00:01]} 60. b5 {[%emt 0:00:14]} Nc5 {[%emt 0:00:07]} 61. b6 {[%emt 0:00:15]} Kg8 {[%emt 0:00:19]} 62. f4 {[%emt 0:00:26]} Kf7 {[%emt 0:00:11]} 63. g4 {[%emt 0:01:01]} Ke6 {[%emt 0:00:21]} 64. Ke2 {[%emt 0:00:35]} Kd5 {[%emt 0:00:17]} 65. Kf3 {[%emt 0:00:36]} Nb7 {[%emt 0:00:47]} 66. Ke3 {[%emt 0:00:32]} Nd6 {[%emt 0:00:36]} 67. Kd3 {[%emt 0:01:48]} h6 {[%emt 0:00:30]} 68. f5 {[%emt 0:01:36]} Nb7 {[%emt 0:02:08]} 69. Ke3 {[%emt 0:00:19]} Ke5 {[%emt 0:00:35]} 70. Kf3 {[%emt 0:00:08]} Nd6 {[%emt 0:00:14]} 71. Kg3 {[%emt 0:00:31]} h5 {[%emt 0:02:00]} 72. Kh4 {[%emt 0:01:10]} hxg4 {[%emt 0:00:40]} 73. Kxg4 {[%emt 0:00:05]} Kf6 {[%emt 0:00:45]} 74. Kf4 {[%emt 0:00:16]} Nb7 {[%emt 0:01:10]} 75. Kg4 {[%emt 0:00:07]} Nc5 {[%emt 0:00:55]} 76. Kf4 {[%emt 0:00:52]} Kf7 {[%emt 0:00:23]} 77. Kg5 {[%emt 0:00:41]} Nb7 {[%emt 0:00:49]} 78. Kg4 {[%emt 0:00:54]} Kf6 {[%emt 0:01:53]} 79. Kf4 {[%emt 0:00:18]} Nd8 {[%emt 0:00:58]} 80. Kg4 {[%emt 0:00:56]} Ke7 {[%emt 0:00:24]} 81. Kg5 {[%emt 0:00:11]} Kf7 {[%emt 0:00:05]} 82. Kg4 {[%emt 0:01:03]} Nb7 {[%emt 0:01:15]} 83. Kg5 {[%emt 0:00:25]} Nc5 {[%emt 0:00:20]} 84. Kf4 {[%emt 0:01:47]} Kg8 {[%emt 0:01:09]} 85. Kg5 {[%emt 0:00:24]} Kh7 {[%emt 0:00:25]} 86. Kh5 {[%emt 0:00:20]} Nb7 {[%emt 0:00:20]} 87. Kg5 {[%emt 0:00:03]} Nd6 {[%emt 0:00:10]} 88. b7 {[%emt 0:00:56]} Nxb7 {[%emt 0:00:20]} 89. f6 {[%emt 0:00:04]} g6 {[%emt 0:00:24]} 90. f7 {[%emt 0:00:03]} Nd8 {[%emt 0:00:09]} 91. f8=N+ {[%emt 0:00:07]} Kg7 {[%emt 0:00:08]} 92. Nxg6 {[%emt 0:00:04]} 1/2-1/2

[Event "V Copa Marcel Duchamp 2022"]
[Site "Montevideo"]
[Date "2022.02.19"]
[Round "9.22"]
[White "Pichuaga, Juan Pablo"]
[Black "Kulik, Nicolas"]
[Result "1-0"]
[WhiteElo "2030"]
[BlackElo "1775"]
[Annotator "ChessBase"]
[PlyCount "101"]
[EventDate "2022.02.12"]
[EventCountry "URU"]
[SourceTitle "playchess.com"]
[Source "ChessBase"]
[SourceQuality "1"]
[TimeControl "5400+30"]

1. e4 {[%emt 0:00:04]} e6 {[%emt 0:00:58]} 2. d4 {[%emt 0:00:02]} d5 {[%emt 0:00:07]} 3. e5 {[%emt 0:00:05]} c5 {[%emt 0:00:03]} 4. Nf3 {[%emt 0:00:06]} Nc6 {[%emt 0:00:05]} 5. Bd3 {[%emt 0:00:21]} cxd4 {[%emt 0:00:27]} 6. a3 {[%emt 0:00:19]} Qb6 {[%emt 0:01:37]} 7. b4 {[%emt 0:01:14]} a6 {[%emt 0:01:42]} 8. Bf4 {[%emt 0:01:22]} Nge7 {[%emt 0:01:36]} 9. Qe2 {[%emt 0:01:00]} Bd7 {[%emt 0:01:44]} 10. Nbd2 {[%emt 0:01:09]} Ng6 {[%emt 0:03:06]} 11. Bg3 {[%emt 0:01:27]} Rc8 {[%emt 0:01:52]} 12. O-O {[%emt 0:00:57]} Be7 {[%emt 0:03:03]} 13. h4 {[%emt 0:01:17]} f6 {[%emt 0:04:24]} 14. exf6 {[%emt 0:06:28]} gxf6 {[%emt 0:06:58]} 15. h5 {[%emt 0:03:06]} Nf8 {[%emt 0:00:52]} 16. Nh4 {[%emt 0:01:05]} e5 {[%emt 0:05:39]} 17. f3 {[%emt 0:45:14]} Rg8 {[%emt 0:06:38]} 18. Qf2 {[%emt 0:00:40]} Nd8 {[%emt 0:08:13]} 19. c4 {[%emt 0:04:03]} dxc4 {[%emt 0:01:50]} 20. Nxc4 {[%emt 0:01:26]} Qe6 {[%emt 0:00:46]} 21. Nd2 {[%emt 0:05:37]} Rc3 {[%emt 0:04:20]} 22. Bf5 {[%emt 0:07:19]} Qb6 {[%emt 0:03:28]} 23. Ne4 {[%emt 0:02:29]} Rc6 {[%emt 0:02:08]} 24. f4 {[%emt 0:02:31]} exf4 {[%emt 0:07:52]} 25. Bxf4 {[%emt 0:00:37]} Bxf5 {[%emt 0:02:12]} 26. Nxf5 {[%emt 0:00:10]} Re6 {[%emt 0:01:57]} 27. Rae1 {[%emt 0:01:30]} Nc6 {[%emt 0:05:24]} 28. Bd6 {[%emt 0:06:05]} Rg4 {[%emt 0:07:40]} 29. Bxe7 {[%emt 0:03:04]} Nxe7 {[%emt 0:01:53]} 30. Nxe7 {[%emt 0:02:00]} Rgxe4 {[%emt 0:01:08]} 31. Rxe4 {[%emt 0:00:50]} Rxe7 {[%emt 0:02:37]} 32. Qxd4 {[%emt 0:00:27]} Qxd4+ {[%emt 0:00:44]} 33. Rxd4 {[%emt 0:00:02]} Ne6 {[%emt 0:02:33]} 34. Rd6 {[%emt 0:00:19]} Kf7 {[%emt 0:00:41]} 35. g4 {[%emt 0:00:16]} h6 {[%emt 0:03:18]} 36. Kh2 {[%emt 0:00:44]} Rc7 {[%emt 0:00:41]} 37. Rf2 {[%emt 0:00:46]} Ke7 {[%emt 0:01:21]} 38. Rb6 {[%emt 0:00:13]} Kf7 {[%emt 0:00:27]} 39. Rd2 {[%emt 0:01:16]} Ng5 {[%emt 0:01:45]} 40. Rd8 {[%emt 0:00:36]} Rc2+ {[%emt 0:01:27]} 41. Kg3 {[%emt 0:00:44]} Rc3+ {[%emt 0:00:33]} 42. Kg2 {[%emt 0:00:11]} Rxa3 {[%emt 0:01:41]} 43. Rd7+ {[%emt 0:00:15]} Ke8 {[%emt 0:00:13]} 44. Rdxb7 {[%emt 0:00:19]} Ra2+ {[%emt 0:00:32]} 45. Kf1 {[%emt 0:00:11]} Nf3 {[%emt 0:01:06]} 46. Ra7 {[%emt 0:00:45]} Nh2+ {[%emt 0:01:01]} 47. Ke1 {[%emt 0:00:18]} Ra1+ {[%emt 0:00:28]} 48. Ke2 {[%emt 0:00:24]} Ra2+ {[%emt 0:00:40]} 49. Kd3 {[%emt 0:00:46]} Ra3+ {[%emt 0:00:19]} 50. Kc4 {[%emt 0:00:14]} Nxg4 {[%emt 0:00:19]} 51. Rb8# {[%emt 0:00:09]} 1-0

[Event "V Copa Marcel Duchamp 2022"]
[Site "Montevideo"]
[Date "2022.02.19"]
[Round "9.23"]
[White "Cordero, Daniela"]
[Black "Lavandeira, Juan Facundo"]
[Result "1-0"]
[WhiteElo "2011"]
[BlackElo "1520"]
[Annotator "ChessBase"]
[PlyCount "86"]
[EventDate "2022.02.12"]
[EventCountry "URU"]
[SourceTitle "playchess.com"]
[Source "ChessBase"]
[SourceQuality "1"]
[TimeControl "5400+30"]

1. d4 {[%emt 0:00:03]} Nf6 {[%emt 0:00:25]} 2. Nf3 {[%emt 0:00:10]} g6 {[%emt 0:00:08]} 3. c4 {[%emt 0:00:13]} Bg7 {[%emt 0:00:40]} 4. g3 {[%emt 0:00:27]} O-O {[%emt 0:00:41]} 5. Bg2 {[%emt 0:00:05]} d6 {[%emt 0:00:04]} 6. O-O {[%emt 0:00:07]} Nbd7 {[%emt 0:00:05]} 7. Nc3 {[%emt 0:00:10]} e5 {[%emt 0:01:55]} 8. e4 {[%emt 0:00:09]} exd4 {[%emt 0:01:05]} 9. Nxd4 {[%emt 0:00:07]} Re8 {[%emt 0:00:05]} 10. Re1 {[%emt 0:00:39]} Nc5 {[%emt 0:00:34]} 11. h3 {[%emt 0:00:33]} Bd7 {[%emt 0:01:07]} 12. Rb1 {[%emt 0:04:02]} Qc8 {[%emt 0:05:04]} 13. Kh2 {[%emt 0:00:58]} Ne6 {[%emt 0:00:16]} 14. Be3 {[%emt 0:03:20]} a6 {[%emt 0:06:07]} 15. b4 {[%emt 0:08:02]} Rb8 {[%emt 0:11:37]} 16. Nd5 {[%emt 0:08:56]} b5 {[%emt 0:14:15]} 17. Nxe6 {[%emt 0:03:36]} Bxe6 {[%emt 0:05:08]} 18. c5 {[%emt 0:04:39]} Nxd5 {[%emt 0:10:15]} 19. exd5 {[%emt 0:00:07]} Bf5 {[%emt 0:00:05]} 20. Rc1 {[%emt 0:06:35]} Qd8 {[%emt 0:22:01]} 21. g4 {[%emt 0:14:30]} Bc8 {[%emt 0:01:28]} 22. Qd2 {[%emt 0:00:57]} h5 {[%emt 0:04:29]} 23. gxh5 {[%emt 0:03:13]} gxh5 {[%emt 0:00:02]} 24. Bg5 {[%emt 0:00:14]} f6 {[%emt 0:00:12]} 25. Bf4 {[%emt 0:04:02]} Rxe1 {[%emt 0:03:37]} 26. Rxe1 {[%emt 0:00:17]} Bf5 {[%emt 0:00:23]} 27. Qe2 {[%emt 0:02:47]} Bg6 {[%emt 0:00:44]} 28. cxd6 {[%emt 0:08:06]} cxd6 {[%emt 0:00:10]} 29. Qe6+ {[%emt 0:00:22]} Bf7 {[%emt 0:00:17]} 30. Qxd6 {[%emt 0:00:22]} Qxd6 {[%emt 0:00:05]} 31. Bxd6 {[%emt 0:00:05]} Rd8 {[%emt 0:00:21]} 32. Be7 {[%emt 0:03:18]} Rxd5 {[%emt 0:06:14]} 33. Bxd5 {[%emt 0:00:10]} Bxd5 {[%emt 0:00:01]} 34. a3 {[%emt 0:01:58]} Kf7 {[%emt 0:01:30]} 35. Bc5 {[%emt 0:03:11]} Bh6 {[%emt 0:02:35]} 36. Re7+ {[%emt 0:04:07]} Kg6 {[%emt 0:00:04]} 37. Be3 {[%emt 0:05:26]} Bxe3 {[%emt 0:01:45]} 38. fxe3 {[%emt 0:00:53]} f5 {[%emt 0:01:43]} 39. Kg3 {[%emt 0:02:08]} Kf6 {[%emt 0:00:05]} 40. Re8 {[%emt 0:00:32]} Bf7 {[%emt 0:00:52]} 41. Rf8 {[%emt 0:00:42]} Ke7 {[%emt 0:00:35]} 42. Ra8 {[%emt 0:00:40]} Kd6 {[%emt 0:00:11]} 43. Kf4 {[%emt 0:00:47]} Kd5 1-0

[Event "V Copa Marcel Duchamp 2022"]
[Site "Montevideo"]
[Date "2022.02.19"]
[Round "9.24"]
[White "Durante, Aurelio"]
[Black "Zaruski, Julio"]
[Result "1-0"]
[WhiteElo "1944"]
[BlackElo "1764"]
[Annotator "ChessBase"]
[PlyCount "67"]
[EventDate "2022.02.12"]
[EventCountry "URU"]
[SourceTitle "playchess.com"]
[Source "ChessBase"]
[SourceQuality "1"]
[TimeControl "5400+30"]

1. e4 {[%emt 0:00:04]} c5 {[%emt 0:00:41]} 2. d3 {[%emt 0:00:48]} d5 {[%emt 0:02:09]} 3. Nd2 {[%emt 0:00:12]} e6 {[%emt 0:01:05]} 4. Ngf3 {[%emt 0:00:18]} Nc6 {[%emt 0:01:58]} 5. g3 {[%emt 0:00:14]} Nf6 {[%emt 0:04:34]} 6. Bg2 {[%emt 0:00:28]} Be7 {[%emt 0:00:15]} 7. O-O {[%emt 0:00:10]} b5 {[%emt 0:00:10]} 8. Re1 {[%emt 0:00:34]} O-O {[%emt 0:00:09]} 9. e5 {[%emt 0:00:24]} Nd7 {[%emt 0:00:11]} 10. Nf1 {[%emt 0:00:19]} Bb7 {[%emt 0:00:57]} 11. h4 {[%emt 0:00:19]} a5 {[%emt 0:05:57]} 12. N1h2 {[%emt 0:01:33]} a4 {[%emt 0:00:41]} 13. Ng4 {[%emt 0:00:32]} f5 {[%emt 0:00:23]} 14. exf6 {[%emt 0:00:31]} Nxf6 {[%emt 0:00:08]} 15. Nxf6+ {[%emt 0:00:34]} Bxf6 {[%emt 0:00:31]} 16. Rxe6 {[%emt 0:01:24]} a3 {[%emt 0:00:13]} 17. c3 {[%emt 0:00:37]} b4 {[%emt 0:00:30]} 18. Qc2 {[%emt 0:00:36]} Qd7 {[%emt 0:02:39]} 19. Re1 {[%emt 0:01:46]} axb2 {[%emt 0:00:56]} 20. Bxb2 {[%emt 0:00:20]} bxc3 {[%emt 0:05:53]} 21. Bxc3 {[%emt 0:00:34]} Nb4 {[%emt 0:03:37]} 22. Qd2 {[%emt 0:06:21]} Bxc3 {[%emt 0:06:24]} 23. Qxc3 {[%emt 0:00:46]} Rxf3 {[%emt 0:03:28]} 24. Bxf3 {[%emt 0:00:32]} d4 {[%emt 0:00:37]} 25. Qc4+ {[%emt 0:03:10]} Kh8 {[%emt 0:00:26]} 26. Bxb7 {[%emt 0:00:23]} Qxb7 {[%emt 0:00:16]} 27. a3 {[%emt 0:03:52]} Na6 {[%emt 0:02:02]} 28. Rab1 {[%emt 0:01:47]} Qc8 {[%emt 0:03:34]} 29. Qd5 {[%emt 0:01:10]} h6 {[%emt 0:00:30]} 30. Re7 {[%emt 0:00:24]} Rb8 {[%emt 0:00:19]} 31. Rbe1 {[%emt 0:01:15]} Qg4 {[%emt 0:00:40]} 32. Re8+ {[%emt 0:01:00]} Rxe8 {[%emt 0:00:25]} 33. Rxe8+ {[%emt 0:00:08]} Kh7 {[%emt 0:00:09]} 34. h5 {[%emt 0:00:39]} 1-0